000 00444nam a2200181Ia 4500
001 23919
005 20260414151009.0
008 260414t2016||||xx |||||||||||||| ||spa||
041 _aESP
082 _a720.985
_bM584
100 _aMujica Pinilla, Marisa
_eAUT
245 0 _aPerú, arquitectura y espacios sagrados
_b
260 _c2016
300 _a333 páginas :
_c30 cm.
650 _aABD
654 _aCAU
942 _cLIB
_dJUS
_fJUS
_2ddc
_n
999 _c23919
_d23919